| 000 | 05912nam a22004577a 4500 | ||
|---|---|---|---|
| 001 | 0051958 | ||
| 003 | KOHA_MİRAKIL | ||
| 005 | 20260207003824.0 | ||
| 007 | ta | ||
| 008 | 150629b2014 tu |||gr||||#||||0|tur | | ||
| 020 | _a9786051550145 | ||
| 040 |
_aTR-BiSEU _btur _cTR-BiSEU _erda |
||
| 041 | 0 | _atur | |
| 044 | _ctu | ||
| 050 |
_aDS26 _b.G95 2014 |
||
| 100 | 1 | _aGültepe, Necati. | |
| 245 | 1 |
_aKızılelma'nın izinde/ _cNecati Gültepe ; Necati Gültepe. |
|
| 250 | _a3. Basım. | ||
| 264 | 1 |
_aİstanbul : _bÖtüken Yayınları _c2014 |
|
| 300 | _a496 sayfa: resimli; 20 cm. | ||
| 336 |
_ametin _btxt _2rdacontent |
||
| 337 |
_aaracısız _bn _2rdamedia |
||
| 338 |
_acilt _bnc _2rdacarrier |
||
| 490 | 1 | _aÖtüken Neşriyat, Yayın nu. | |
| 490 | 1 | _a1029. | |
| 490 | 1 |
_aKültür serisi ; _v567. |
|
| 490 | 1 | _a | |
| 500 | _aKızılelma'nın izinde: Turan dünyasının onbin yıllık sırrı -- Kapak'ta. | ||
| 500 | _aKaynakça ve dizin var. | ||
| 505 | _aİÇİNDEKİLER I. Bölüm 1- Kızılelma'dan İlk Söz Edenler 13 2- Tarihin Derinliklerinde, İlk Çağlarda (ya da Mitolojinin Mirası Olan) Kızılelma 20 3- Idun'un Elmalarının Çalınması 23 4- Altın Elmalar'm Asil(veya Asıl) Bekçileri Turanlı Kadınlar, Amazon- : 1ar 27 5- Turan'ın Varlığı ve Coğrafyası 35 6- Medeniyet Doğuran Coğrafya 36 7- Kadim Turan Zamanlarındaki Din, Devlet, Evren Üçleminde Kızılelma 37 8- "Turan Zemîn" Tabiri Ve "Turan Zemîn"De Son Buzul Çağı 46 9- Modern İnsan'ın; "Turan İnsam"nın Hayatının Başlangıcı 48 10- Mutlu Çağların Sonu: Orta Asya'da Çölleşme 51 11- Turan Boyları Yeryüzüne Dağılıyor 53 12- M.ö. Orta Asya'nın Dışına Yapılan Türk Göçleri 55 13- Bilinen İlk Turan Göçleri Mezopotamya'ya 57 14- Asya'nın Doğusuna Yapılan Göçler: Sind Medeniyeti 58 15- Anadolu'ya Ve Avrupa'ya Yapılan Göçler 62 16- Turan Göçlerinden Sonra Etrüsk Uygarlığı ve Bu Konudaki Tartışmalar 64 17- Etrüsklerin Türk-Turan İlişkileri 68 II. Bölüm 1- Ağaç (Kızılelma) Bayramı 72 2- Demir'in Hikâyesi 73 3- Turan Kavimlerini Birleştirip Devlet Yapan Güç Bir Tanrı'ya Olan İnançtı 75 4- Kızılelma'nın İzinde Hayat Ağacı 78 5- Büyük Köken Mitleri: Turan Zeminde Hayat Ağacı 85 6- Türkler Kaf Dağlarını Aşarken Kutsallarını (Kutsal Ağaç) Beraberlerinde Getirdiler 86 7- Tanrı Tarafından Kut Verilerek Hayat Ağacında Doğan Hakanlar.... 90 8- "Ağaç" Motifinin Batı Dünyasındaki Oluşumu 105 9- Ağaç'tan Elma'ya: Arketipler 107 III. Bölüm 1- Kızılelma İle İlgili Müslüman Rivayetleri 110 2- Çizginin Ötesindeki Sınır 114 3- Kızılelma'nın Savaşçı Ulağı; Sarı Saltuk 121 4- Gül Baba 136 5- Fetihten Önceki Fetih! 147 6- Konya'dan Kosova'ya 149 7- Bin Yıllık Adlar 150 8- Sarı Saltuk'la İlgili Mahalli Rivayetler (Kıssalar) 150 IV. Bölüm 1- Tarihî Mimarî Eserlerde Kızılelma Sembolleri 154 2- Ayasofya Camii'nin Kubbesinde Kızılelma (Altun Top) 158 3- Ana Obje Olarak Kızılelma'nın Dayanakları 163 4- Elma'nın Türk Mitolojisinde Yeri 167 5- Turan Boylarında Kızılelma İle İlgili Yazılı Kaynaklara Doğru 174 6- Kızılelma Türesini Yaşatan Şamkalların (Şamhalların) Soyu 176 7- Lubenau'nın Rivayet Ettiği Bir Başka Efsane 181 8- Turan Diyarından Gelip Bizans Üzerinden Baltık Kıyılarına Ulaşan Bazı Kızılelma Söylenceleri 184 9- Kızılelma Fetihten Çok Önceleri Bizans'a Girmişti 195 V. Bölüm 1- Osmanlı İmparatorluğunda Kızılelma 203 2- Osman Gazi'nin Rüyası 203 3- Hâkimiyet Alâmeti Olarak Kızılelma 206 4- Osmanlı Tarihinde Kızılelma İle İlgili Kayıt ve Belgeler 213 5- Osmanlı Kültüründe ve Yaşayışında Kızılelma Kesintisiz Yer Almıştır217 6- Yavuz'un Mütegallibe İle 'Kızılelma' Hesaplaşması 224 7- Bir Kızılelma Eri Olarak Yavuz Selim'in Şahsiyeti 231 8- Tarihin Derinliklerinden Gelen Hatıralar Ne Getirir? 235 9- Osmanlı - Macar İlişkilerinde "Kızılelma" 238 10- Ortaçağda Kızılelma Söylenceleri ve Günlük Politikalar 253 11- Tarih-i Üngüriis'ü Okurken 265 12- Peçevî'nin Kızılelma İle İlgili Söyledikleri 271 13- Türk Kaynaklarında Kızılelma Olarak Anılan Şehirler 275 14- Evliya Çelebi'de Viyana 282 15- Evliya Çelebi'ye Göre İstefani Kilisesinin Çan Kulesi 284 16- Budin 286 17- Budin'in Kızılelma Sarayı 287 18- Köln Kızılelması 289 19- İstolni Belgrad 293 20- Estergon Kalesi 294 21- Evliya Çelebi Kızılelma'yı Tarihin Gündemine Taşıyor 295 22- Peçevî, Macarlar ve Kızılelma 299 23- Macar Tarihinin Kızılelma Sırrı 302 VI. Bölüm 1- Klasik Dönem Türk Şiirinde Kızılelma 308 2- Törelerde ve Halk Geleneğinde Kızılelma 313 3- Üç Mektup 322 4- Türk Folklorunda Elma'dan Kızılelma'ya 332 5- Erzincan'da Söylenen İçinde Kızılelma Geçen Bir Efsaneden 337 6- Kızılelma İle İlgili Rivayetler 350 7- Bazı Halk Şairlerinin Dilinde Kızılelma 361 8- İnanışlarda Kızılelma 364 9- Alevi-Bektaşîlerde Elma 365 10- Hazret-i Âdem ve Elma 369 11- Hz. Fatıma (Fatma Ana) 370 VII. Bölüm 1- Kızıl Ve Al Renklerin Mitolojik Kökeni 376 2- Alevi Söyleminde Ağaç - Hayat Ağacı 381 3- Pir Sultan Abdal'ın Kızılelma İle İlgili Söyledikleri 387 4- Pir Sultan Abdal'ın Nefeslerinde Kızılelma 388 5- Erzincan Alevi Söylemlerinde ve Gelenek-Göreneklerinde Kızılelma 402 VIII. Bölüm 1- Konu İle İlgili Destan ve Şiirler 404 IX. Bölüm Ek Metin 430 Seçilmiş Bibliyografya 475 Dizin 481 | ||
| 650 | 0 |
_aTürkler-- Etnik kimlik _981835 |
|
| 650 | 0 |
_aTurancılık--Tarih _996880 |
|
| 650 | 0 |
_aPanturanizm _981834 |
|
| 650 | 0 |
_aTurancılık--Tarih _996880 |
|
| 650 | 0 |
_aTürkler--Etnik kimlik _914358 |
|
| 830 | 1 |
_aÖtüken Neşriyat, Yayın nu. _996881 |
|
| 830 | 1 |
_a1029. _92864 |
|
| 830 | 1 |
_aKültür serisi ; _v567. _95523 |
|
| 830 | 1 |
_a _91620 |
|
| 942 |
_2lcc _cBK |
||
| 999 |
_c51777 _d51777 |
||